Classic Books by Emoji 2 - Statistics

General Stats
  • This quiz has been taken 48 times
    40 since last reset
  • The average score is 6 of 15
Answer Stats
Hint Answer % Correct
πŸ§›πŸ·πŸ©Έ Dracula
88%
πŸ­πŸ­βž•πŸšΆβ€β™‚οΈπŸšΆβ€β™‚οΈ Of Mice and Men
76%
πŸ“šπŸ”₯ Fahrenheit 451
70%
πŸ””πŸ«™ The Bell Jar
67%
πŸ‘±β€β™‚οΈπŸͺ°πŸͺ° Lord of the Flies
58%
πŸ‘΄βž•πŸŒŠ The Old Man and the Sea
55%
πŸ˜ŒπŸ‘¨β€βš•οΈπŸ˜‹πŸ§ͺ➑️😑 Doctor Jekyll and Mr. Hyde
30%
πŸ«₯πŸšΆβ€β™‚οΈ Invisible Man
30%
πŸ“–πŸŒ†πŸ™οΈ A Tale of Two Cities
21%
β›΅οΈπŸš«πŸšΆβ€β™‚οΈπŸοΈ Robinson Crusoe
21%
🀫πŸͺ΄πŸͺ΄ The Secret Garden
21%
🫴🌾🌾 The Catcher in the Rye
18%
πŸšΆβ€β™‚οΈπŸͺ½πŸ¦πŸͺΉ One Flew Over the Cuckoo's Nest
15%
β¬‡οΈπŸšΆβ€β™€οΈπŸšΆβ€β™€οΈπŸšΆβ€β™€οΈπŸšΆβ€β™€οΈ Little Women
6%
πŸ‘±β€β™‚οΈπŸ‘πŸš—πŸ“–πŸ‘‰πŸŒŒ The Hitchhiker’s Guide to the Galaxy
6%
No matching quizzes found
Score Distribution
Percent of People with Each Score
Percentile by Number Answered
Your Score History
You have not taken this quiz since the last reset